LIBRARY & INFORMATION CENTRE, KCAET, TAVANUR

ONLINE PUBLIC ACCESS CATALOGUE (OPAC)

Linear programming: methods and applications / (Record no. 9848)

MARC details
000 -LEADER
fixed length control field 00509cam a2200193ua 4500
020 ## - INTERNATIONAL STANDARD BOOK NUMBER
ISBN 81 224 1034 0
041 ## - LANGUAGE CODE
Language code of text/sound track or separate title eng
082 ## - DEWEY DECIMAL CLASSIFICATION NUMBER
Classification number 519.72
Item number SHE/LI
100 ## - MAIN ENTRY--AUTHOR NAME
Personal name Shenoy, G V .
245 ## - TITLE STATEMENT
Title Linear programming: methods and applications /
250 ## - EDITION STATEMENT
Edition statement 2 /
260 ## - PUBLICATION, DISTRIBUTION, ETC. (IMPRINT)
Place of publication New Delhi :
Name of publisher New Age International Ltd ,
Year of publication 1998.
300 ## - PHYSICAL DESCRIPTION
Number of Pages 223 ; .
942 ## - ADDED ENTRY ELEMENTS (KOHA)
Koha item type Books
Holdings
Withdrawn status Lost status Damaged status Home library Current library Date acquired Full call number Accession Number Koha item type
      KAUAET KAUAET 07/04/2012 519.72 SHE/LI 19930 Books
      KAUAET KAUAET 07/04/2012 519.72 SHE/LI 20396 Books
free website counter